000 00647cam a2200241ua 4500
020 _c150.00
041 _aeng
_h
082 _a670.285
_bGRO/CA
100 _aGroover, Mikell P .
245 _aCAD/CAM: computer aided design and manufacturing /
_cMikell P Groover.
_hTextual Documents
260 _aNew Delhi :
_bPrentice Hall of India Pvt Ltd. ,
_c1996.
300 _a489 ; .
365 _a150.00
500 _a18949, 18950, 20469,CSS
504 _a
700 1 _aZimmers, Emory W .
942 _cBK
999 _c9736
_d9736